[Event "33rd ECCC Open 2017"]
[Site "Antalya"]
[Date "2017.10.14"]
[Round "7"]
[White "Lagarde, Maxime"]
[Black "Zagorskis, Darius"]
[Result "1-0"]
[WhiteElo "2594"]
[BlackElo "2443"]
[Annotator "TA"]
[PlyCount "67"]
[EventType "team-tourn"]
[EventCountry "TUR"]
[SourceTitle "playchess.com"]
[Source "ChessBase"]
[SourceQuality "1"]
[WhiteTeam "Nice Alekhine"]
[BlackTeam "MAKABI"]

{[%evp 15,67,22,37,27,41,20,35,0,0,0,1,0,0,0,14,12,14,26,19,-56,-60,-62,-53,-76,-60,-57,-48,-49,17,-63,8,11,15,12,55,62,73,71,208,220,196,153,771,766,749,726,914,882,1218,1182,1597,1589,3150,2364]} 1. c4 Nf6 2. Nc3 d5 3. cxd5 Nxd5 4. Nf3 g6 5. g3 Bg7 6. Bg2 O-O 7. h4 {A16: English Opening: 1...Nf6 with ...d5} Nxc3 (7... e5 8. Nxd5 Qxd5 9. d3 Nc6 10. h5 Bg4 11. hxg6 hxg6 12. Rh4 Qd7 13. Qa4 Be6 14. Rh2 Ne7 15. Qxd7 Bxd7 {1-0 (40) Jakovenko,D (2738)-Vachier Lagrave,M (2754) Khanty-Mansiysk 2015}) 8. bxc3 h6 {LiveBook: 8 Games} 9. Rb1 {White is slightly better.} c5 10. Qa4 Qc7 $146 ({Predecessor:} 10... Nd7 11. O-O a6 12. Qa3 e5 13. d3 Rb8 14. Be3 b6 15. d4 cxd4 16. cxd4 exd4 17. Bxd4 Bb7 18. Bxg7 Kxg7 19. Rfd1 Qc8 20. Qd6 Bc6 21. Bh3 Rb7 22. Ne5 {1-0 (22) Neelotpal,D (2454)-Kislik,E (2357) Budapest 2010}) 11. Qa3 Bf5 12. d3 Nd7 13. c4 b6 14. Bb2 Rad8 15. Bxg7 Kxg7 16. Qc3+ f6 17. O-O (17. a4 $11) 17... Nb8 $1 $15 18. Rfe1 Nc6 19. Rbd1 Bg4 20. Nh2 Bc8 21. e3 {[%cal Be2e3,Be3d4,Bd4d5][%mdl 32]} Bb7 ({Black should try} 21... Qd6 $15) 22. f4 ({Better is} 22. d4 $11) 22... Rd6 (22... e5 $15) 23. d4 $11 cxd4 $1 24. exd4 Rfd8 {[%cal Rc6d4]} 25. d5 Na5 26. Rc1 Kf7 {[#]} (26... b5 $16 {keeps fighting.}) 27. h5 $1 $18 {[%mdl 512]} gxh5 28. Qf3 $36 {[%mdl 2048] White is on the roll.} Bc8 $2 (28... Qc5+ $16 29. Kh1 Rh8 30. Qxh5+ Kf8) 29. Qxh5+ {White is clearly winning.} Kg7 30. f5 Rh8 31. Nf3 Nb7 32. Re4 Nd8 33. Rce1 Rd7 34. Qg6+ {Precision: White = 60%, Black = 31%.} 1-0

[Event "33rd ECCC Open 2017"]
[Site "Antalya"]
[Date "2017.10.16"]
[Round "7"]
[White "Vajda, Levente"]
[Black "Yu, Yangyi"]
[Result "1/2-1/2"]
[WhiteElo "2588"]
[BlackElo "2743"]
[Annotator "TA"]
[PlyCount "172"]
[EventType "team-tourn"]
[EventCountry "TUR"]
[SourceTitle "playchess.com"]
[Source "ChessBase"]
[SourceQuality "1"]
[WhiteTeam "Baia Mare"]
[BlackTeam "Alkaloid"]

{[%evp 12,172,-9,-19,23,0,0,0,14,0,0,0,8,2,10,0,2,0,0,0,0,-16,50,61,43,19,19,17,16,22,22,14,25,-9,-9,-9,-9,-9,-10,-11,-10,-10,-9,-12,-12,-12,-11,-9,-22,-37,-37,-31,-29,-40,-40,-41,-47,-52,-58,-77,-77,-77,-77,-77,-77,-77,-77,-77,-77,-77,-77,-77,-70,-77,-71,-77,-77,-77,-77,-77,-73,-74,-74,-74,-62,-78,-78,-78,-74,-77,-77,-84,-77,-77,-73,-77,-74,-73,-73,-73,-66,-78,-78,-78,-78,-77,-78,-84,-80,-85,-85,-85,-76,-77,-77,-76,-70,-70,-70,-73,-62,-70,-70,-70,-67,-67,-67,-73,-73,-85,-70,-84,-39,-70,-39,-85,-70,-70,-70,-85,-85,-85,-85,-85,-83,-85,-84,-85,-67,-70,-39,-39,-39,-39,-39,-39,-8,-8,0,-8,-4,-21,-8]} 1. Nf3 g6 2. g3 Bg7 3. Bg2 e5 4. d3 Ne7 5. O-O O-O 6. e4 d6 7. c3 {LiveBook: 6 Games. A04: Unusual lines after 1 Nf3 and King's Indian Attack} a5 (7... c5 8. a3 Nbc6 9. b4 a6 10. Nbd2 h6 11. Nb3 b6 12. Bb2 Be6 13. Re1 Kh7 14. Nfd2 Qc7 15. Rc1 Qa7 16. Nc4 Rad8 17. Ne3 f5 {0-1 (35) De Rooy,R (2176)-Horvath,J (2541) Utrecht 2017}) 8. a4 Na6 9. Re1 $146 ({Predecessor:} 9. Na3 Nc5 10. Nc4 Bd7 11. Ne1 Qb8 12. f4 Bxa4 13. Rxa4 Nxa4 14. f5 f6 15. fxg6 {0-1 (27) Gottkehaskamp,P (1850)-Frie,M (1905) Germany 2011}) 9... Bg4 10. h3 Bd7 11. d4 exd4 12. cxd4 Nb4 13. Nc3 d5 14. e5 Bf5 15. g4 Bc2 16. Qd2 Nc8 ({Black should play} 16... Nec6 $11) 17. Na2 $14 Nxa2 18. Qxc2 (18. Rxa2 {is more complex.} Be4 19. Ng5 Bxg2 20. Kxg2 h6 21. Nf3) 18... Nxc1 19. Raxc1 c6 20. g5 Ne7 21. Qd2 Ra6 {[%cal Ba8a6,Ba6b6,Bb6b3][%mdl 32]} 22. Bf1 Rb6 $1 23. Qxa5 {[#] Threatens to win with Qc3.} Rb3 $1 ({Avoid the trap} 23... Rxb2 $2 24. Qc3 $18) 24. Qxd8 Rxd8 25. Rc3 Rxb2 26. Rcc1 Ra8 27. Rb1 Rxb1 28. Rxb1 Rxa4 29. Rxb7 Nf5 30. Rb8+ Bf8 31. Rc8 Nxd4 32. Nxd4 Rxd4 33. Rxc6 $15 {[%mdl 4096] Endgame KRB-KRB} Re4 34. Bg2 Rxe5 35. Rc8 Rxg5 36. Rd8 Rf5 37. Rxd5 Rf4 38. Bf1 Be7 39. Kg2 Bh4 40. Rd2 Kg7 41. Bb5 Bf6 42. Bc6 Bd4 43. Bf3 Bc5 44. Rc2 Bb6 45. Rb2 Rf6 46. Rc2 Rf5 47. Rb2 Ba5 48. Ra2 Rg5+ 49. Kf1 Rc5 50. Kg2 h5 51. Rb2 Kh6 52. Be2 Bc7 53. Bd3 Rg5+ 54. Kh1 Ra5 55. Kg2 Bd8 56. Rb8 Rg5+ 57. Kf1 Rd5 58. Bc4 Rd1+ 59. Kg2 f5 60. Rb5 Rc1 61. Bd3 Bh4 62. Rb4 Be7 63. Rb7 Re1 64. Rb6 Kg7 65. Rb7 Re5 66. Rb5 Re6 67. Rb7 Kh6 68. Bc4 Re1 69. Bd3 Kg5 70. Rc7 Re5 71. Rb7 Kh4 72. Rb5 Re1 73. Rd5 Re6 74. Rd4+ Kg5 75. Rd7 Bf6 76. Bc4 Rc6 77. Bf7 Rb6 78. Rd3 Be5 79. Re3 Bd4 80. Rd3 Rb4 81. Rb3 Ra4 82. Rg3+ Kf6 83. Bxg6 h4 84. Be8 {The position is equal.} Ra8 85. Bc6 Ra6 86. Bb5 hxg3 {Precision: White = 58%, Black = 64%.} 1/2-1/2

[Event "33rd ECCC Open 2017"]
[Site "Antalya"]
[Date "2017.10.14"]
[Round "7"]
[White "Steingrimsson, Hedinn"]
[Black "Kantans, Toms"]
[Result "1-0"]
[WhiteElo "2576"]
[BlackElo "2524"]
[Annotator "TA"]
[PlyCount "99"]
[EventType "team-tourn"]
[EventCountry "TUR"]
[SourceTitle "playchess.com"]
[Source "ChessBase"]
[SourceQuality "1"]
[WhiteTeam "Fjolnir"]
[BlackTeam "Riga"]

{[%evp 24,99,9,22,72,70,86,106,181,172,200,193,209,190,162,162,375,222,270,254,612,596,635,599,793,836,720,104,295,288,281,273,310,320,311,311,341,347,339,334,361,363,435,430,432,406,511,514,524,523,550,540,601,597,606,583,601,579,625,612,781,735,901,845,955,954,966,1000,12839,12339,12845,12845,12845,12846,12846,12847,12847,12847]} 1. d4 Nf6 2. c4 g6 3. Nc3 d5 4. Nf3 Bg7 5. Qb3 dxc4 6. Qxc4 O-O 7. e4 Na6 8. Be2 c5 9. d5 e6 10. O-O exd5 11. exd5 Re8 12. Rd1 Bf5 13. d6 Nd7 {D97: Grünfeld: Russian System: 7 e4, replies other than 7...Bg4} (13... h6 14. Be3 Ng4 15. Bf4 Bxc3 16. bxc3 Re4 17. Qb5 Rxf4 18. Qxb7 Ra4 19. d7 Be4 20. Qb3 Bc6 21. Rd6 Bxd7 22. Rad1 Qb8 23. Rxd7 Qxb3 24. axb3 Ra2 25. Bc4 Rf8 26. R7d6 Kg7 27. Rxa6 Rxf2 28. Re1 {1-0 (28) Anand,V (2797)-Aronian,L (2777) Zuerich 2015}) 14. Bg5 Be6 $146 ({Predecessor:} 14... Bf6 15. Qh4 Nb4 16. Bb5 Bxg5 17. Nxg5 h5 18. Qf4 Kg7 19. Rac1 a6 20. Bf1 Qf6 21. a3 {1-0 (31) Horvath,C (2522)-Mileto,G (2127) Forni di Sopra 2016}) 15. Qh4 f6 {[#]} (15... Qb6 $16) 16. Be3 $1 $18 Nb4 17. Bc4 Nc2 18. Bxe6+ Rxe6 19. Qc4 Nf8 $2 (19... Qe8 {might work better.}) 20. Nb5 (20. Bxc5 $142 b6 21. Rac1 bxc5 22. Rxc2) 20... Nxa1 21. Nc7 (21. Rxa1 Kh8 $14) 21... Kf7 $2 (21... b5 22. Qxc5 (22. Nxe6 bxc4 23. Nxd8 Rxd8 $15) 22... Rxe3) 22. Bxc5 (22. Rxa1 Rc8 $16) 22... Rc8 {[#] And now ...Rxc7 would win.} 23. Nd4 $1 {[%cal Rd4e6]} (23. Rxa1 Rxc7 24. dxc7 Qxc7 $14) 23... Rxc7 24. dxc7 Qxc7 25. Qd5 $2 (25. Rxa1 b6 $11) (25. Nxe6 $18 {is the precise move to win.} Nxe6 26. Rd6 (26. Re1 Qc6 $15)) 25... f5 $2 (25... Nc2 $16 26. Nxe6 (26. Nxc2 Qc6 $11) 26... Nxe6) 26. Nxe6 (26. Rxa1 Bxd4 27. Bxd4 Qd7 $14) 26... Nxe6 27. Bd6 ({Not} 27. Bxa7 Nc2 $16) 27... Qc6 28. Qxc6 bxc6 29. Rxa1 Bxb2 {[%mdl 4096] Endgame KRB-KBN} 30. Rb1 Bd4 31. Rb7+ Kf6 32. Rxh7 Bb6 33. Kf1 c5 34. Bb8 c4 35. Bxa7 {White is clearly winning.} Ba5 36. Rh4 f4 37. Rh8 Ke5 38. Rc8 Kd5 39. h4 Bd8 40. g3 fxg3 41. fxg3 Bc7 42. g4 {[%cal Bg3g4,Bg4h5,Bh5h6][%mdl 32]} c3 43. Be3 Ke4 44. Ke2 Be5 45. h5 gxh5 46. gxh5 Ng7 47. h6 Nf5 48. Rc4+ Kd5 49. Rc5+ Ke4 {[#]} 50. Rxe5+ $1 {Precision: White = 76%, Black =  5%.} 1-0

[Event "33rd ECCC Open 2017"]
[Site "Antalya"]
[Date "2017.10.14"]
[Round "7"]
[White "Goganov, Aleksey"]
[Black "Mogranzini, Roberto"]
[Result "1-0"]
[WhiteElo "2571"]
[BlackElo "2501"]
[Annotator "TA"]
[PlyCount "105"]
[EventType "team-tourn"]
[EventCountry "TUR"]
[SourceTitle "playchess.com"]
[Source "ChessBase"]
[SourceQuality "1"]
[WhiteTeam "Mednyi Vsadnik"]
[BlackTeam "Padova"]

{[%evp 30,105,14,16,32,18,29,0,0,0,0,-12,7,0,21,31,30,0,0,11,1,0,6,0,0,-58,16,12,11,14,24,0,8,8,10,8,8,8,8,8,8,8,8,8,8,8,8,8,318,116,112,151,172,109,114,114,136,97,306,364,544,134,12845,12595,12849,12842,29942,12843,12848,9544,12639,12563,29940,12229,29978,29979,29980,29981]} 1. c4 Nf6 2. Nc3 g6 3. e4 d6 4. d4 Bg7 5. Nf3 O-O 6. Be2 e5 7. O-O exd4 8. Nxd4 Re8 9. f3 c6 10. Kh1 Nbd7 11. Bg5 Qb6 12. Nb3 a5 {[%cal Ba7a5,Ba5a4][%mdl 32]} 13. Qd2 a4 14. Be3 Qd8 {E94: King's Indian: Classical: 6 Be2 e5 7 0-0: Various Black 7th moves} 15. Nd4 Nc5 16. Rab1 {LiveBook: 4 Games} (16. Rad1 Nfd7 17. Rfe1 Qe7 18. Bf1 Qf8 19. Nde2 Ne5 20. Ng3 Be6 21. Qxd6 b6 22. f4 Nxc4 23. Bxc4 Qxd6 24. Rxd6 Bxc4 25. e5 Nd3 {½-½ (25) Mareco,S (2598)-Arizmendi Martinez,J (2522) Cappelle-la-Grande 2015}) 16... Nh5 {The position is equal.} 17. g4 Nf6 18. Rg1 $146 ({Predecessor:} 18. b4 axb3 19. axb3 h5 20. b4 Na4 21. Nxa4 Rxa4 22. g5 {1-0 (36) Grinev,V (2357)-Martynov,P (2329) Kiev 2013}) 18... Qe7 {[%cal Rf6e4] And now ...Nfxe4! would win.} 19. Rg2 h5 20. Nf5 Bxf5 21. gxf5 Nfxe4 22. fxe4 Nxe4 23. Qc2 Nxc3 24. bxc3 Qxe3 25. fxg6 f6 26. Rxb7 h4 {Strongly threatening ...h3.} 27. Qf5 (27. Bf1 $11) 27... Rab8 ({Black should play} 27... h3 $1 $15 28. Rf2 Qe4+ 29. Qxe4 Rxe4) 28. Rxb8 $11 Rxb8 29. Bf3 Qe5 $1 {[%cal Re5f5]} 30. Qd3 h3 31. Re2 Qf4 {( -> ...Qc1+)} 32. Re1 Rb2 $1 {[%csl Gb2,LRa2,LRh2][%cal Rf4h2] [#]} 33. Bd5+ $1 {[%mdl 512]} Kf8 $132 {[%csl Gb2][%cal Rf4h2][%mdl 2048] Black is fighting back} (33... cxd5 34. Qxd5+) 34. Qxh3 {[%cal Rh3c8]} f5 35. Bxc6 {[%csl Gc6][%cal Re1e8]} Be5 {[%cal Rb2h2]} 36. Bg2 {Threatens to win with Qh7.} Qg4 37. Qxg4 fxg4 {[%mdl 4096] Endgame KRB-KRB} 38. c5 Rc2 $2 {[%mdl 8192] [#]} ({Not} 38... Bxc3 $2 39. Rf1+ Kg7 40. c6 $18) (38... dxc5 $11 39. Rxe5 Rb1+ 40. Bf1 Rxf1+ 41. Kg2 Ra1) 39. c6 $2 (39. Rf1+ $1 $18 {and the rest is easy.} Kg7 40. Be4 Rxh2+ 41. Kg1) 39... Rxc3 40. Be4 {Black must now prevent Rf1+.} Kg7 41. Re2 (41. Rf1 $18 d5 42. Rf7+ Kh6 43. Rh7+ (43. Bxd5 Kxg6 44. Rf2 Kg5 $11) 43... Kg5 44. g7 (44. Bxd5 Kxg6 45. Re7 Rc1+ 46. Kg2 Rc2+ 47. Kf1 Bxh2 $11) 44... Bxg7 45. Rxg7+ Kf6 46. Rxg4 dxe4 47. Rxe4) 41... a3 42. Kg2 {Rf2 is the strong threat.} Rc5 43. Rc2 Rxc2+ $2 (43... Bc3 $16) 44. Bxc2 $16 {White wants to mate with c7. KB-KB} d5 45. Bf5 $2 (45. Bd3 $18 {and White stays clearly on top.} Kf6 46. h3) 45... d4 $2 {[%mdl 8192]} (45... Kf6 $16 46. Bxg4 Kxg6) 46. Bxg4 $18 Kxg6 47. h4 d3 48. Kf3 (48. Kf2 $142 Kf6 49. Ke3 Ke7 50. Kxd3 Kd6 51. Bd7 Bg3 52. h5 Kd5 53. h6) 48... d2 49. Ke4 Kf6 50. h5 Bc7 51. Kd5 Bf4 52. Kc5 Ke7 53. Kb6 {Precision: White = 62%, Black = 36%.} 1-0

[Event "33rd ECCC Open 2017"]
[Site "Antalya"]
[Date "2017.10.14"]
[Round "7"]
[White "Brunello, Sabino"]
[Black "Fedoseev, Vladimir"]
[Result "1-0"]
[WhiteElo "2555"]
[BlackElo "2733"]
[Annotator "TA"]
[PlyCount "77"]
[EventType "team-tourn"]
[EventCountry "TUR"]
[SourceTitle "playchess.com"]
[Source "ChessBase"]
[SourceQuality "1"]
[WhiteTeam "Padova"]
[BlackTeam "Mednyi Vsadnik"]

{[%evp 22,77,48,54,66,32,38,38,36,26,28,24,31,26,45,0,31,0,44,-3,44,10,14,14,116,70,131,108,160,141,138,114,200,162,179,185,230,237,220,200,227,202,204,209,440,414,1408,1405,1245,526,516,495,496,494,29992,29993,29993,29994]} 1. d4 Nf6 2. c4 g6 3. Nc3 Bg7 4. e4 d6 5. Bd3 O-O 6. Nge2 Nc6 7. O-O Nd7 8. Be3 e5 9. d5 Ne7 10. Qd2 {E70: King's Indian: Miscellaneous lines with 4 e4, including 5 Nge2 and 5 Bd3 0-0 6 Nge2} f5 11. exf5 gxf5 12. f4 {LiveBook: 4 Games. White is slightly better.} Ng6 13. fxe5 $146 ({Predecessor:} 13. Rae1 e4 14. Bc2 Nf6 15. h3 Kh8 16. c5 Rg8 17. cxd6 cxd6 18. Bd4 Nh4 19. Rf2 {½-½ (19) Dreev,A (2668)-Amonatov,F (2648) Dagomys 2009}) 13... Ndxe5 14. Bg5 Qe8 15. Nf4 Nxf4 16. Bxf4 (16. Rxf4 Qg6 $17) 16... Bd7 17. Rae1 $36 {[%mdl 2048] White has the initiative.} a6 18. Ne2 {[%cal Bc3e2,Be2d4,Bd4e6][%mdl 32]} b5 19. b3 bxc4 20. bxc4 Rb8 21. Nd4 Qg6 22. Be2 h5 (22... Rfe8 $11 {keeps the balance.}) 23. Kh1 h4 ({Better is} 23... Rfe8 $14) 24. c5 $16 Kh7 (24... Rfe8 $142) 25. cxd6 cxd6 26. Ne6 Rg8 (26... Bxe6 $16 {might work better.} 27. dxe6 h3 28. gxh3 Qxe6) 27. Bxa6 Rb6 28. Be2 $1 Bh6 {[%csl Gg8][%cal Rg6g2]} 29. Rf2 h3 30. g3 (30. gxh3 Qxe6 31. Qd4 (31. dxe6 $2 Bc6+ 32. Rg2 Rxg2 $19) 31... Rb4 $1 $15 {[%mdl 512]}) 30... Bxf4 31. Rxf4 {White wants to mate with Rh4+.} (31. Qxf4 $6 Bxe6 32. Qh4+ (32. dxe6 Qxe6 33. Qh4+ Kg7 $16) 32... Kg7 $16) 31... Bxe6 32. dxe6 Rgb8 $2 (32... Qxe6 33. Bf1 (33. Rh4+ Kg7 $18) 33... Rb7 34. Bxh3 Rf8 35. Rh4+ Kg7) 33. Bd3 $18 Kg8 (33... Rb2 $142 34. Qd1 (34. Qxb2 Rxb2 35. Bxf5 Qxf5 $16) 34... Nxd3 35. Qxd3 R2b5) 34. Bxf5 Qg7 35. Bxh3 (35. e7 $142 Qf7 {[#]} 36. Rg4+ $1 {[%mdl 512]} Nxg4 37. Qg5+ Kh8 38. Qh4+ (38. Bxg4 Rb1 $11) 38... Kg7 39. Qxg4+ Kh6 40. Qh4+ Kg7 41. Qg5+ Kh8 42. Qh6+ Kg8 43. Bh7+ $1 {[%mdl 512]} Kh8 44. e8=R+ $1 {[%mdl 512]} Rxe8 45. Rxe8+ Qxe8 46. Be4+ Kg8 47. Bd5+ Qf7 48. Qg6+ Kh8 49. Bxf7 (49. Qxf7 $2 {is a self mate.} Rb1+ 50. Qf1 Rxf1#)) 35... Rb2 36. Qd5 {e7+ would kill now.} Qb7 37. Bg2 Qa6 (37... Qxd5 $18 38. Bxd5 Rd2) 38. e7+ Kg7 39. Qe6 {Precision: White = 56%, Black = 24%.} 1-0

[Event "33rd ECCC Open 2017"]
[Site "Antalya"]
[Date "2017.10.14"]
[Round "7"]
[White "Mirzoev, Azer"]
[Black "Laznicka, Viktor"]
[Result "1/2-1/2"]
[WhiteElo "2555"]
[BlackElo "2654"]
[Annotator "TA"]
[PlyCount "62"]
[EventType "team-tourn"]
[EventCountry "TUR"]
[SourceTitle "playchess.com"]
[Source "ChessBase"]
[SourceQuality "1"]
[WhiteTeam "Odlar Yurdu"]
[BlackTeam "Novy Bor"]

{[%evp 18,62,12,0,12,21,2,-28,-16,-16,-20,-27,-17,-26,-13,-21,-2,-17,-11,-8,-10,-35,0,-41,-34,-36,-27,-40,-30,-36,-36,-35,-29,-29,-40,-34,-41,-37,-29,-29,-31,-42,0,-38,0,-46,0]} 1. d4 Nf6 2. Nf3 d5 3. c4 e6 4. Nc3 Nbd7 5. e3 a6 6. b3 b6 7. Bb2 Bb7 8. Bd3 Bd6 9. O-O O-O 10. Qe2 {LiveBook: 62 Games. E14: Queen's Indian: Classical Variation (4 e3)} dxc4 (10... c5 11. cxd5 exd5 12. Rfd1 Re8 13. Rac1 Qb8 14. Bf5 cxd4 15. Rxd4 Ne5 16. Na4 b5 17. Nb6 Ra7 {½-½ (57) Laznicka,V (2664)-Naiditsch,A (2710) Linares 2017}) 11. bxc4 c5 12. Rab1 $146 {The position is equal.} ({Predecessor:} 12. Rfd1 Qe7 13. Rac1 Rac8 14. d5 exd5 15. Nxd5 Nxd5 16. cxd5 {1-0 (32) Bonoli,L (1723)-Mircoli,F (1576) Castelfidardo 2001}) 12... Qc7 13. h3 Rfe8 14. Rfd1 cxd4 15. exd4 e5 16. dxe5 Nxe5 17. Nxe5 Bxe5 18. Qc2 Rac8 19. a4 Rcd8 20. Bf1 Qc5 21. Rxd8 Rxd8 22. Rd1 Rxd1 23. Qxd1 g6 24. Qd8+ Kg7 25. Nd1 Bxb2 26. Nxb2 Be4 27. Qd2 a5 28. Qc3 Qb4 29. Qd4 Qc5 30. Qc3 Qb4 31. Qd4 Qc5 {Precision: White = 56%, Black = 63%.} 1/2-1/2

[Event "33rd ECCC Open 2017"]
[Site "Antalya"]
[Date "2017.10.15"]
[Round "7"]
[White "Mikhalevski, Victor"]
[Black "Dinev, Dejan"]
[Result "1/2-1/2"]
[WhiteElo "2547"]
[BlackElo "2271"]
[Annotator "TA"]
[PlyCount "89"]
[EventType "team-tourn"]
[EventCountry "TUR"]
[SourceTitle "playchess.com"]
[Source "ChessBase"]
[SourceQuality "1"]
[WhiteTeam "Beer Sheva"]
[BlackTeam "Asseco See"]

{[%evp 9,89,3,27,4,15,-8,-3,4,9,12,8,12,13,12,14,-1,68,71,56,62,70,70,131,154,145,62,53,86,103,102,115,11,10,25,57,17,17,0,0,0,0,0,8,0,0,0,0,0,38,41,45,0,16,18,14,0,0,0,0,0,0,0,0,6,6,0,0,0,10,10,45,6,6,0,0,0,0,0,0,0,0,-16]} 1. d4 d5 2. c4 c6 3. cxd5 cxd5 4. Bg5 (4. Bf4 Nc6 5. e3 Bf5 6. Nc3 e6 7. Qb3 Bb4 8. Bb5 Qa5 9. Bxc6+ bxc6 10. Rc1 Qb6 11. Nge2 Bd3 12. f3 Bc4 {0-1 (34) Rakhmanov,A (2654)-Fedoseev,V (2733) Sochi 2017}) 4... h6 5. Bh4 Nc6 6. Nc3 {D10: Slav Defence: 3 cxd5 (without early Nf3) and 3 Nc3} a6 $146 ({Predecessor:} 6... Nf6 7. Bxf6 gxf6 8. e3 e6 9. Nf3 Bd7 10. Be2 Bg7 11. O-O O-O {½-½ (27) Abasov,N (2575)-Rasulov,V (2504) Istanbul 2017}) 7. e4 dxe4 8. d5 Ne5 9. Qa4+ Bd7 10. Qxe4 Ng6 $1 11. Bg3 $36 {[%mdl 2048] Black is under pressure.} Nf6 12. Qe3 Qa5 (12... e5 $11) 13. Bc4 $1 $14 Rc8 14. Bb3 h5 {And now ...h4 would win.} 15. h3 Ne4 {[#]} (15... h4 $14 16. Bh2 Rh5) 16. Nge2 $1 $16 ({Wrong is} 16. Qxe4 $2 Rxc3 17. bxc3 Qxc3+ 18. Ke2 Bb5+ 19. Kd1 Qxa1+ 20. Kc2 h4 $19) 16... Nxg3 17. Nxg3 (17. fxg3 $16 f6 18. O-O) 17... Qc5 $1 $14 18. Qd2 Qb4 19. O-O Qf4 20. Rad1 ({White should try} 20. Qd1 $16) 20... Qxd2 $11 21. Rxd2 Nf4 22. Re1 h4 $1 {[%cal Rh4g3]} 23. Nge4 Rh6 24. Ne2 Nxe2+ 25. Rdxe2 Rg6 26. Re3 a5 27. d6 {Black must now prevent dxe7.} e6 28. f4 {[%cal Bf2f4,Bf4f5][%mdl 32]} a4 29. f5 Rh6 $1 30. Bd5 b6 (30... Rh5 {feels hotter.} 31. Rf1 Rc2 32. fxe6 fxe6 33. Ref3 Rh8) 31. Ng5 {Strongly threatening Nxf7!} Bxd6 {[#] aiming for ...Bc5.} 32. Nxf7 $1 {[%mdl 512]} Kxf7 33. fxe6+ {[#]} Bxe6 $1 {[%mdl 512]} 34. Rxe6 (34. Bxe6+ Rxe6) 34... Bc5+ 35. Kh1 {Threatening mate with Rxh6+.} Kf8 36. Rf1+ Rf6 $1 {[%cal Rf6f1]} 37. Rfxf6+ gxf6 38. Rxf6+ {[%mdl 4096] Endgame KRB-KRB} Ke7 39. Re6+ Kf8 40. Re4 Bd6 {The position is equal.} 41. Kg1 Bg3 {( -> ...Rc1+)} 42. Kf1 Rc2 {Hoping for ...Rf2+.} 43. Rxa4 Rf2+ 44. Kg1 Rxb2 {[%cal Rb2b1]} 45. Bc4 {Precision: White = 55%, Black = 59%.} 1/2-1/2

[Event "33rd ECCC Open 2017"]
[Site "Antalya"]
[Date "2017.10.14"]
[Round "7"]
[White "Demuth, Adrien"]
[Black "Baliasnyj, Timur"]
[Result "1-0"]
[WhiteElo "2538"]
[BlackElo "2218"]
[Annotator "TA"]
[PlyCount "89"]
[EventType "team-tourn"]
[EventCountry "TUR"]
[SourceTitle "playchess.com"]
[Source "ChessBase"]
[SourceQuality "1"]
[WhiteTeam "Nice Alekhine"]
[BlackTeam "MAKABI"]

{[%evp 26,89,11,-18,6,-13,20,29,83,83,83,84,91,83,91,82,135,111,146,142,181,178,179,186,181,185,171,166,202,156,158,160,184,165,156,144,176,172,173,168,438,438,525,500,1105,1073,1059,1042,929,958,852,815,1202,1062,1001,962,1346,1251,1650,1542,1748,646,6079,5829,5631,5539]} 1. d4 Nf6 2. Nf3 g6 3. c4 c5 4. dxc5 Qa5+ 5. Nbd2 Bg7 6. a3 Qxc5 7. b4 Qc7 8. Bb2 O-O 9. e3 b6 10. Be2 Bb7 11. O-O d6 12. Qb3 Nbd7 {A48: 1 d4 Nf6 2 Nf3 g6: Torre, London and Colle Systems} 13. Rfc1 Rac8 14. Bc3 {LiveBook: 7 Games} Qb8 {The position is equal.} 15. Qb2 {[#]} d5 $146 ({Predecessor:} 15... Rc7 16. a4 e5 17. a5 Rfc8 18. axb6 axb6 19. Qa3 Re8 20. Bb2 {½-½ (39) Mateuta,G (2504)-Miroshnichenko,E (2642) Plovdiv 2008}) 16. Bd4 e5 (16... Rfe8 $11 {keeps the balance.}) 17. Nxe5 $16 Nxe5 18. Bxe5 Ng4 19. Bxb8 Bxb2 20. Bxa7 Ne5 (20... dxc4 $142 21. Bxg4 c3) 21. c5 bxc5 22. Bxc5 Nd7 23. Bxf8 {[#] Black must now prevent Rxc8.} Rxc1+ 24. Rxc1 Bxc1 25. Nb3 Bxa3 26. Bd6 Nb6 27. Nd4 Na4 28. Kf1 f6 29. Nb5 Bb2 30. Bc7 Nc3 31. Nxc3 Bxc3 $18 {[%mdl 4096] Endgame KBB-KBB} 32. b5 d4 $2 {[#]} (32... Bb4 33. Bb6 Kf7) 33. Bf3 {White is clearly winning.} Bxf3 34. gxf3 dxe3 (34... Kf7 $142 35. b6 Ba5) 35. fxe3 {KB-KB} Kf7 36. Ke2 Ke6 37. Kd3 Be1 38. e4 Bf2 39. Kc4 Kd7 40. Ba5 Bg1 41. h3 Ke6 42. b6 {[%cal Bb5b6,Bb6b7][%mdl 32]} Kd6 43. Kb5 (43. b7 $142 Ba7 44. Kb5) 43... Bh2 44. b7 Kd7 45. Bc3 {Precision: White = 67%, Black = 19%.} 1-0